000 00627nam a2200217Ia 4500
005 20240217101553.0
008 131103s9999 xx 000 0 und d
020 _a8131600335
_cRs 775
040 _aLoreto College
041 _aEnglish
082 _a363.7
_bSIN
245 _aNatural hazards and disaster management
_b Vulnerability and mitigation
_cEdited by R.B. Singh
260 _aJaipur
_bRawat Publications
_c2006
300 _axi,352p
504 _aIncludes bibliographical references
650 _aNatural Hazards
651 _aDisaster Management
700 _aSingh, R.B.
850 _aLCLIB
942 _cBK
999 _c14451
_d64930